Bibliografía sobre el Mercado Común Centroamericano /

Bibliografía que consta de 550 títulos aproximadamente sobre Mercado Común Centroamericano, publicadas hasta 1977. No incluye publicaciones periódicas ni trabajos teóricos sobre integración, sino aquellos relativos concretamente a la experiencia centroamericana. Incluye obras de autores fuera de Cen...

Cijeli opis

Spremljeno u:
Bibliografski detalji
Glavni autor: Lizano Fait, Eduardo
Daljnji autori: Huertas, Maritza
Format: Tekst
Izdano: San José: s.e.
Teme:
Oznake: Dodaj oznaku
Bez oznaka, Budi prvi tko označuje ovaj zapis!

MARC

LEADER 00000 a a2200000 04500
001 20010
003
040
090 |a 081800  
100 |a Lizano Fait, Eduardo  
245 |a Bibliografía sobre el Mercado Común Centroamericano /  |c Eduardo Lizano Fait 
260 |a San José:   |b s.e.  
300 |a 50 p.  
520 |a Bibliografía que consta de 550 títulos aproximadamente sobre Mercado Común Centroamericano, publicadas hasta 1977. No incluye publicaciones periódicas ni trabajos teóricos sobre integración, sino aquellos relativos concretamente a la experiencia centroamericana. Incluye obras de autores fuera de Centroamércia. jmml  
650 |a BIBLIOGRAFIAS  
650 |a INTEGRACION ECONOMICA  
700 |a Huertas, Maritza  
999 |c 5924  |d 5924